Paul Newman Movies - Statistics

General Stats
  • This quiz has been taken 580 times
  • The average score is 17 of 57
Answer Stats
Hint Answer % Correct
1969 Butch Cassidy and the Sundance Kid
85%
1967 Cool Hand Luke
83%
1973 The Sting
79%
1986 The Color of Money
75%
1961 The Hustler
74%
1963 Hud
71%
1958 Cat on a Hot Tin Roof
69%
2006 Cars
56%
1982 The Verdict
56%
2002 Road to Perdition
53%
1974 The Towering Inferno
49%
1977 Slap Shot
40%
1956 Somebody Up There Likes Me
36%
1958 The Long, Hot Summer
36%
1981 Absence of Malice
35%
1994 Nobody's Fool
35%
1954 The Silver Chalice
32%
1966 Harper
31%
1967 Hombre
31%
1966 Torn Curtain
30%
1960 Exodus
27%
1975 The Drowning Pool
26%
1994 The Hudsucker Proxy
24%
1958 The Left Handed Gun
24%
1990 Mr. & Mrs. Bridge
23%
1962 Sweet Bird of Youth
23%
1960 From the Terrace
21%
1998 Twilight
21%
1963 The Prize
20%
1981 Fort Apache the Bronx
19%
1959 The Young Philadelphians
19%
1969 Winning
19%
1958 Rally 'Round the Flag, Boys!
18%
1972 The Life and Times of Judge Roy Bean
18%
1973 The MacKintosh Man
18%
1956 The Rack
17%
1989 Blaze
16%
1961 Paris Blues
16%
1970 WUSA
16%
1965 Lady L
15%
1999 Message in a Bottle
15%
1964 The Outrage
15%
1957 Until They Sail
15%
1962 Hemingway's Adventures of a Young Man
14%
1957 The Helen Morgan Story
14%
1964 What a Way to Go!
14%
1963 A New Kind of Love
13%
1989 Fat Man and Little Boy
13%
1976 Silent Movie
13%
1968 The Secret War of Harry Frigg
13%
1976 Buffalo Bill and the Indians, or Sitting Bull's History Lesson
12%
1984 Harry & Son
12%
1970 Sometimes a Great Notion
12%
1979 Quintet
11%
1980 When Time Ran Out...
11%
1972 Pocket Money
10%
2000 Where the Money Is
7%
No matching quizzes found
Score Distribution
Percent of People with Each Score
Percentile by Number Answered
Your Score History
You have not taken this quiz